000 00544nam a22001697a 4500
005 20251108174731.0
008 250721s2009 xx 000 0 ara d
082 1 4 _a796.07/زعب
100 1 _aالزعبي، صالح عبد الله
_eمؤلف
245 1 0 _aالرياضة للجميع و تطبيقاتها /
264 1 _aالسلط :
_bالتطبيقية للنشر،
_c2009.
300 _a140ص.
650 1 7 _aنشاطات اوقات الفراغ
650 1 7 _aالالعاب الرياضيه
942 _2ddc
_cBK
999 _c116642
_d116642